The only way is up (Record no. 84027)

MARC details
000 -LEADER
fixed length control field 01353cad a22002295a 4500
001 - CONTROL NUMBER
control field L156468
008 - FIXED-LENGTH DATA ELEMENTS--GENERAL INFORMATION
fixed length control field 120528s2012 xxk 000 0 eng d
035 ## - SYSTEM CONTROL NUMBER
System control number (Sirsi) u156468
041 0# - LANGUAGE CODE
Language code of text/sound track or separate title eng
110 2# - MAIN ENTRY--CORPORATE NAME
Corporate name or jurisdiction name as entry element GVA
9 (RLIN) 5945
245 04 - TITLE STATEMENT
Title The only way is up
Medium [electronic resource]
260 ## - PUBLICATION, DISTRIBUTION, ETC.
Place of publication, distribution, etc. London
Name of publisher, distributor, etc. GVA
Date of publication, distribution, etc. 2012
520 ## - SUMMARY, ETC.
Summary, etc. Current market conditions in the UK and even more so in Ireland have exposed many occupiers to the downside of upwards only rent reviews (UORR). Most leases due for a rent review in 2012 on upward only terms are being reviewed with a previous rent agreed during the peak of the market in 2007. Concludes that UORRs still have an important role providing the investor with a guarantee that the income level will not fall, and the tenant with a much greater degree of protection to over-renting than RPI inflation linked leases when rental values are in decline.
520 ## - SUMMARY, ETC.
Summary, etc. Executive summary -- introduction -- the case for and against upwards only -- the Irish example -- outlook for inflation -- sector performance -- conclusion.
590 ## - LOCAL NOTE (RLIN)
Local note KA
651 #4 - SUBJECT ADDED ENTRY--GEOGRAPHIC NAME
Geographic name England and Wales
Chronological subdivision 1543-
651 #4 - SUBJECT ADDED ENTRY--GEOGRAPHIC NAME
Geographic name Ireland (Republic of)
Chronological subdivision
690 ## - LOCAL SUBJECT ADDED ENTRY--TOPICAL TERM (OCLC, RLIN)
Topical term or geographic name as entry element Commercial property
9 (RLIN) 6227
690 ## - LOCAL SUBJECT ADDED ENTRY--TOPICAL TERM (OCLC, RLIN)
Topical term or geographic name as entry element Landlord and tenant
9 (RLIN) 6252
856 40 - ELECTRONIC LOCATION AND ACCESS
Uniform Resource Identifier <a href="https://www.gva.co.uk/research/thought-leadership/">https://www.gva.co.uk/research/thought-leadership/</a>
Public note View the report at www.gva.co.uk
942 ## - ADDED ENTRY ELEMENTS (KOHA)
Suppress in OPAC 0
Holdings
Withdrawn status Lost status Source of classification or shelving scheme Damaged status Not for loan Home library Current library Shelving location Date acquired Total Checkouts Full call number Barcode Date last seen Copy number Price effective from Koha item type
    Dewey Decimal Classification     Virtual Virtual Online 27/05/2012   ONLINE PUBLICATION 156468-2001 06/08/2019 1 06/08/2019 Book